000 01130nam a2200205Ii 4500
003 JO-AjNU
008 230605s9999||||xx |||||||||||||| ||und||
040 _aJO-AjNU
_bara
_erda
_cJO-AjNU
041 _aara
050 1 4 _aHD58 2011
100 3 _aاعداد: حسانين، جاد الرب عبد السميع,
_eauthor
_933908
245 0 0 _aخصائص المنظمة المتعلمة وأثرها في تنمية قدرات التفكير الابتكاري : دراسة تطبيقية علي بعض المنظمات الخدمية والصناعية التابعة لقطاع الأعمال العام بمحافظة الدقهلية
264 3 1 _aالقاهرة: المنظمة العربية للتنمية الادارية، 2010
300 _a86ص
_bيحتوي على ببلوغرافية من 73-86ص
336 _atext
_btxt
_2rdacontent
337 _aunmediated
_bn
_2rdamedia
338 _avolume
_bnc
_2rdacarrier
490 0 _aاصدار خاص عن المجلة العربية للادارة
650 4 _aمنظمة تعليمية- تطوير- والمنظمات الصناعية -الدقهلية (مصر)
_933909
999 _aA13848
_c17416
_d17416